[Event "Titled Tuesday intern op 01st June"]
[Site "Chess.com INT"]
[Date "2021.06.01"]
[Round "1"]
[White "Ribero, Guillermo Andres"]
[Black "Aldokhin, Ivan"]
[Result "0-1"]
[WhiteElo "1875"]
[BlackElo "2413"]
[PlyCount "56"]
[EventDate "2021.06.01"]
[EventType "swiss (blitz)"]
[EventRounds "11"]
[EventCountry "USA"]
[SourceTitle "CBM 202 Extra"]
[Source "ChessBase"]
[SourceDate "2021.07.31"]
[SourceVersion "1"]
[SourceVersionDate "2021.07.31"]
[SourceQuality "1"]

1. e4 c6 2. d4 d5 3. exd5 cxd5 4. c4 dxc4 5. Bxc4 Nf6 6. Nf3 e6 7. 0-0 Be7 8. Nc3 0-0 9. a3 a6 10. b4 b5 11. Bb3 Bb7 12. Qd3 Nbd7 13. Bf4 Rc8 14. Ne5 Nh5 15. Bc2 g6 16. Bh6 Nxe5 17. Qh3 Qxd4 18. Ne2 Qg4 19. Qxg4 Nxg4 20. Bxf8 Kxf8 21. Bd1 Ne5 22. Nd4 Nf4 23. Nf3 Bf6 24. Rb1 Nxf3+ 25. Bxf3 Bxf3 26. gxf3 Rc3 27. Rfc1 Rxc1+ 28. Rxc1 Ne2+ 0-1

[Event "Titled Tuesday intern op 18th May"]
[Site "Chess.com INT"]
[Date "2021.05.18"]
[Round "1"]
[White "Ribero, Guillermo Andres"]
[Black "Ronka, Erik"]
[Result "0-1"]
[WhiteElo "1875"]
[BlackElo "2303"]
[PlyCount "90"]
[EventDate "2021.05.18"]
[EventType "swiss (blitz)"]
[EventRounds "11"]
[EventCountry "USA"]
[SourceTitle "CBM 202 Extra"]
[Source "ChessBase"]
[SourceDate "2021.07.31"]
[SourceVersion "1"]
[SourceVersionDate "2021.07.31"]
[SourceQuality "1"]

1. e4 c6 2. d4 d5 3. exd5 cxd5 4. c4 Nf6 5. Nc3 g6 6. cxd5 Nxd5 7. Bc4 Nb6 8. Bb3 Bg7 9. Nf3 0-0 10. h3 Nc6 11. Be3 Na5 12. Bc2 Nac4 13. 0-0 Nxb2 14. Qc1 N2c4 15. Bh6 Nd5 16. Nxd5 Qxd5 17. Bxg7 Kxg7 18. Bb3 Be6 19. Ne5 b5 20. a4 Qxd4 21. Nc6 Qc5 22. axb5 Qxb5 23. Nd4 Qb6 24. Nxe6+ Qxe6 25. Bxc4 Qf6 26. Ra6 Qd4 27. Rd1 Qc5 28. Qb2+ Kg8 29. Qd4 Qc8 30. Qe4 e6 31. Rxe6 Qc5 32. Rxg6+ hxg6 33. Qxg6+ Kh8 34. Qh6+ Kg8 35. Rd5 Qxd5 36. Bxd5 Rad8 37. Qg5+ Kh8 38. Qf6+ Kg8 39. Be4 Rfe8 40. Qg5+ Kf8 41. Qh6+ Ke7 42. Qa6 Kf8 43. Qa3+ Kg8 44. Qb4 Rb8 45. Kh2 Rxb4 0-1

[Event "Titled Tuesday intern op 14th July"]
[Site "Chess.com INT"]
[Date "2020.07.14"]
[Round "6"]
[White "Mrudul, Dehankar"]
[Black "Ribero, Guillermo Andres"]
[Result "1-0"]
[WhiteElo "2256"]
[BlackElo "1875"]
[PlyCount "63"]
[EventDate "2020.07.14"]
[EventType "swiss (blitz)"]
[EventRounds "10"]
[EventCountry "USA"]
[SourceTitle "CBM 197 Extra"]
[Source "ChessBase"]
[SourceDate "2020.09.30"]
[SourceVersion "1"]
[SourceVersionDate "2020.09.30"]
[SourceQuality "1"]

1. e4 c5 2. Nf3 d6 3. d4 cxd4 4. Nxd4 Nf6 5. Nc3 g6 6. Be3 Bg7 7. f3 0-0 8. Bc4 Nc6 9. Qd2 Bd7 10. h4 Rc8 11. Bb3 Ne5 12. 0-0-0 Nc4 13. Bxc4 Rxc4 14. Kb1 Qa5 15. Nb3 Qc7 16. Bd4 Rc8 17. Bxf6 Bxf6 18. Nd5 Qc6 19. Na5 Qb5 20. Nxf6+ exf6 21. Nxc4 Qxc4 22. Qxd6 Qxc2+ 23. Ka1 Be6 24. Qd4 Kg7 25. h5 h6 26. hxg6 Kxg6 27. Qe3 h5 28. Rc1 Qa4 29. b3 Qd7 30. Rxc8 Qxc8 31. g4 hxg4 32. Qh6# 1-0

[Event "Titled Tuesday intern op 7th July"]
[Site "Chess.com INT"]
[Date "2020.07.07"]
[Round "8"]
[White "Ribero, Guillermo Andres"]
[Black "De Souza Sa, Apolo"]
[Result "1-0"]
[WhiteElo "1875"]
[BlackElo "1920"]
[PlyCount "149"]
[EventDate "2020.07.07"]
[EventType "swiss (blitz)"]
[EventRounds "10"]
[EventCountry "USA"]
[SourceTitle "CBM 197 Extra"]
[Source "ChessBase"]
[SourceDate "2020.09.30"]
[SourceVersion "1"]
[SourceVersionDate "2020.09.30"]
[SourceQuality "1"]

1. e4 c5 2. Nf3 d6 3. d4 cxd4 4. Nxd4 Nf6 5. Nc3 a6 6. Bg5 e6 7. f4 h6 8. Bh4 Be7 9. Qe2 Nbd7 10. 0-0-0 Qc7 11. g4 b5 12. Bg2 Bb7 13. e5 dxe5 14. fxe5 Bxg2 15. Qxg2 Nd5 16. Bxe7 Kxe7 17. Nxd5+ exd5 18. Qxd5 Rac8 19. Rhf1 Nxe5 20. Rde1 f6 21. Qe6+ Kf8 22. Rxe5 Qc4 23. Qxc4 Rxc4 24. Rd5 Ke7 25. b3 Rc7 26. Re1+ Kf7 27. Rd6 Rhc8 28. Kb2 a5 29. Re2 b4 30. Rd5 Rc5 31. Rxc5 Rxc5 32. Nf5 h5 33. Re7+ Kf8 34. Re4 hxg4 35. Nd4 f5 36. Ne6+ Kf7 37. Nxc5 fxe4 38. Nxe4 Ke6 39. c4 bxc3+ 40. Kxc3 Ke5 41. Ng3 g6 42. b4 axb4+ 43. Kxb4 Kf4 44. a4 Kf3 45. a5 Kg2 46. a6 Kxh2 47. a7 Kxg3 48. a8Q Kh2 49. Qa2+ Kh3 50. Qb1 g3 51. Qxg6 g2 52. Qh5+ Kg3 53. Qg5+ Kf3 54. Qc1 Kf2 55. Qd2+ Kf1 56. Qd1+ Kf2 57. Qd2+ Kf1 58. Qf4+ Ke2 59. Qg4+ Kf1 60. Qf3+ Kg1 61. Kc4 Kh2 62. Qh5+ Kg3 63. Qg5+ Kf2 64. Qf4+ Ke2 65. Qg3 Kf1 66. Qf3+ Kg1 67. Kd4 Kh2 68. Qf4+ Kh3 69. Qf2 Kh2 70. Ke3 Kh1 71. Qf3 Kh2 72. Qh5+ Kg3 73. Qg5+ Kh3 74. Kf2 g1Q+ 75. Qxg1 1-0

[Event "Titled Tuesday intern op 7th July"]
[Site "Chess.com INT"]
[Date "2020.07.07"]
[Round "10"]
[White "Ribero, Guillermo Andres"]
[Black "Josse, Mark"]
[Result "1-0"]
[WhiteElo "1875"]
[BlackElo "2235"]
[PlyCount "57"]
[EventDate "2020.07.07"]
[EventType "swiss (blitz)"]
[EventRounds "10"]
[EventCountry "USA"]
[SourceTitle "CBM 197 Extra"]
[Source "ChessBase"]
[SourceDate "2020.09.30"]
[SourceVersion "1"]
[SourceVersionDate "2020.09.30"]
[SourceQuality "1"]

1. e4 e5 2. Nf3 Nc6 3. d4 exd4 4. Nxd4 Nf6 5. Nxc6 bxc6 6. e5 Qe7 7. Qe2 Nd5 8. c4 Nb6 9. b3 a5 10. Bb2 Qe6 11. g3 a4 12. Bg2 Bb4+ 13. Nd2 0-0 14. 0-0 a3 15. Bd4 c5 16. Bxa8 cxd4 17. Bg2 d6 18. f4 Re8 19. Ne4 dxe5 20. f5 Qd7 21. Qg4 Kh8 22. Qh5 f6 23. g4 c5 24. g5 Bb7 25. gxf6 Bxe4 26. fxg7+ Qxg7 27. Qxe8+ Qg8 28. Qxg8+ Kxg8 29. Bxe4 1-0

[Event "Titled Tuesday intern op 30th June"]
[Site "Chess.com INT"]
[Date "2020.06.30"]
[Round "6"]
[White "Radionov, Timur"]
[Black "Ribero, Guillermo Andres"]
[Result "1-0"]
[WhiteElo "2200"]
[BlackElo "1875"]
[PlyCount "81"]
[EventDate "2020.06.30"]
[EventType "swiss (blitz)"]
[EventRounds "10"]
[EventCountry "USA"]
[SourceTitle "CBM 197 Extra"]
[Source "ChessBase"]
[SourceDate "2020.09.30"]
[SourceVersion "1"]
[SourceVersionDate "2020.09.30"]
[SourceQuality "1"]

1. d4 Nf6 2. Nf3 c5 3. d5 e6 4. c4 b5 5. dxe6 fxe6 6. e4 Nxe4 7. Bd3 Nf6 8. 0-0 bxc4 9. Bxc4 d5 10. Bb5+ Bd7 11. Nc3 a6 12. Bxd7+ Qxd7 13. Ne5 Qc7 14. Qa4+ Nbd7 15. Bf4 Bd6 16. Nxd7 Nxd7 17. Nb5 axb5 18. Qxa8+ Qb8 19. Qxb8+ Bxb8 20. Bxb8 Nxb8 21. a4 b4 22. f4 g6 23. Rfe1 Kd7 24. Kf2 Rf8 25. g3 Kd6 26. Re2 Nc6 27. a5 Ra8 28. a6 Nd4 29. Re5 Ra7 30. h4 Kc6 31. h5 Kb5 32. g4 Rxa6 33. Rxa6 Kxa6 34. hxg6 hxg6 35. Rg5 c4 36. Rxg6 c3 37. bxc3 b3 38. cxd4 b2 39. Rxe6+ Kb5 40. Re1 Kc4 41. f5 1-0

[Event "COL-ch sf3 U18"]
[Site "Bogota"]
[Date "2019.06.06"]
[Round "1.3"]
[White "Ribero, Guillermo Andres"]
[Black "Garcia Barrera, Diego Fernando"]
[Result "1-0"]
[WhiteElo "1877"]
[BlackElo "1520"]
[PlyCount "77"]
[EventDate "2019.06.06"]
[EventType "swiss"]
[EventRounds "6"]
[EventCountry "COL"]
[SourceTitle "EXT 2024"]
[Source "ChessBase"]
[SourceDate "2023.10.10"]
[SourceVersion "1"]
[SourceVersionDate "2023.10.10"]
[SourceQuality "1"]

1. e4 c5 2. Nf3 Nc6 3. d4 cxd4 4. Nxd4 e5 5. Nb5 a6 6. Nd6+ Bxd6 7. Qxd6 Qf6 8. Qd1 Qg6 9. f3 Nge7 10. Be3 d5 11. exd5 Nb4 12. Na3 Nbxd5 13. Qd2 b5 14. Bd3 Bf5 15. Bxf5 Qxf5 16. c4 Nxe3 17. Qxe3 b4 18. Nb1 Qe6 19. Nd2 Nf5 20. Qc5 Nd4 21. 0-0 Qe7 22. Qxe7+ Kxe7 23. Rae1 Kd6 24. f4 f6 25. fxe5+ fxe5 26. Ne4+ Kc6 27. Ng5 Rae8 28. Nf7 Rhf8 29. Nxe5+ Kc7 30. Rxf8 Rxf8 31. Nd3 a5 32. Re4 Rd8 33. Nf4 Kc6 34. b3 g5 35. Nd5 Nf5 36. Re5 Rf8 37. Rxf5 Rxf5 38. Ne7+ Kd6 39. Nxf5+ 1-0

[Event "COL-ch U18"]
[Site "Cali"]
[Date "2018.04.14"]
[Round "8"]
[White "Martinez, Cristian Camilo"]
[Black "Ribero, Guillermo Andres"]
[Result "0-1"]
[WhiteElo "2009"]
[BlackElo "1885"]
[PlyCount "80"]
[EventDate "2018.04.10"]
[EventType "tourn"]
[EventRounds "9"]
[EventCountry "COL"]
[SourceTitle "CBM 184 Extra"]
[Source "ChessBase"]
[SourceDate "2018.06.28"]
[SourceVersion "1"]
[SourceVersionDate "2018.06.28"]
[SourceQuality "1"]

1. e4 c5 2. Nf3 d6 3. d4 cxd4 4. Nxd4 Nf6 5. Nc3 g6 6. Be3 Bg7 7. f3 Nc6 8. Qd2 0-0 9. Bc4 Bd7 10. 0-0-0 Rb8 11. Bb3 Na5 12. Bh6 Bxh6 13. Qxh6 b5 14. h4 e5 15. Nde2 b4 16. Nd5 Nxb3+ 17. axb3 Nxd5 18. Rxd5 Rb6 19. h5 g5 20. f4 Bg4 21. Ng3 gxf4 22. Nf5 Bxf5 23. exf5 f6 24. Rh4 Rf7 25. Rg4+ Kh8 26. g3 Qa8 27. Ra5 Qh1+ 28. Kd2 Qg2+ 29. Ke1 Qg1+ 30. Kd2 Qe3+ 31. Kd1 Qf3+ 32. Kc1 Qxg4 33. Rxa7 Qg8 34. gxf4 Rc6 35. Rxf7 Qxf7 36. fxe5 Qg7 37. Qe3 Qg5 38. Qxg5 fxg5 39. e6 Kg8 40. Kd2 Rc5 0-1

[Event "COL-ch U18"]
[Site "Cali"]
[Date "2018.04.14"]
[Round "7"]
[White "Ribero, Guillermo Andres"]
[Black "Torres Cueto, Jesus Marcial"]
[Result "0-1"]
[WhiteElo "1885"]
[BlackElo "2017"]
[PlyCount "48"]
[EventDate "2018.04.10"]
[EventType "tourn"]
[EventRounds "9"]
[EventCountry "COL"]
[SourceTitle "CBM 184 Extra"]
[Source "ChessBase"]
[SourceDate "2018.06.28"]
[SourceVersion "1"]
[SourceVersionDate "2018.06.28"]
[SourceQuality "1"]

1. e4 e5 2. Nf3 Nc6 3. d4 exd4 4. Nxd4 Bc5 5. Nb3 Bb6 6. Nc3 Nf6 7. Qe2 d6 8. Be3 Be6 9. 0-0-0 Qe7 10. f3 0-0-0 11. Qf2 d5 12. Bxb6 axb6 13. exd5 Nxd5 14. Nxd5 Bxd5 15. Bd3 Qf6 16. Kb1 Nb4 17. Nc1 c5 18. c3 Bxa2+ 19. Nxa2 Nxd3 20. Qc2 Qg6 21. Nc1 c4 22. Nxd3 cxd3 23. Qd2 Rhe8 24. Rhe1 Re2 0-1

[Event "COL-ch U18"]
[Site "Cali"]
[Date "2018.04.11"]
[Round "3"]
[White "Ribero, Guillermo Andres"]
[Black "Quinonez Garcia, Santiago"]
[Result "0-1"]
[WhiteElo "1885"]
[BlackElo "2192"]
[PlyCount "76"]
[EventDate "2018.04.10"]
[EventType "tourn"]
[EventRounds "9"]
[EventCountry "COL"]
[SourceTitle "CBM 184 Extra"]
[Source "ChessBase"]
[SourceDate "2018.06.28"]
[SourceVersion "1"]
[SourceVersionDate "2018.06.28"]
[SourceQuality "1"]

1. e4 c5 2. Nf3 e6 3. d4 cxd4 4. Nxd4 a6 5. Nc3 Qc7 6. g3 Nf6 7. Bg2 Be7 8. 0-0 0-0 9. a4 d6 10. a5 Nc6 11. Nxc6 bxc6 12. Be3 Nd7 13. Na4 c5 14. e5 d5 15. c4 Bb7 16. cxd5 exd5 17. Bxd5 Nxe5 18. Bxb7 Qxb7 19. f3 Nc4 20. Qe2 Nxe3 21. Qxe3 Rac8 22. Rfd1 Rfe8 23. Re1 Qc6 24. Qe4 Qb5 25. Qc2 Bf6 26. Rxe8+ Rxe8 27. Nc3 Bd4+ 28. Kh1 Qb7 29. Kg2 Re3 30. Rf1 g6 31. Rf2 Re1 32. Ne4 Qb5 33. Nd6 Qc6 34. Ne4 h6 35. h4 f5 36. Qb3+ Kg7 37. Nd2 Bxf2 38. Kxf2 Re7 0-1

[Event "Zipaquira sf3 U16"]
[Site "Zipaquira"]
[Date "2017.03.31"]
[Round "2.3"]
[White "Rojas Mayorga, Brayan Arley"]
[Black "Ribero, Guillermo Andres"]
[Result "0-1"]
[WhiteElo "1513"]
[BlackElo "1888"]
[PlyCount "98"]
[EventDate "2017.03.30"]
[EventType "swiss"]
[EventRounds "6"]
[EventCountry "COL"]
[SourceTitle "EXT 2024"]
[Source "ChessBase"]
[SourceDate "2023.10.10"]
[SourceVersion "1"]
[SourceVersionDate "2023.10.10"]
[SourceQuality "1"]

1. e4 c5 2. Nf3 d6 3. d4 cxd4 4. Nxd4 Nf6 5. Nc3 g6 6. Be3 Bg7 7. g3 0-0 8. Bg2 Ng4 9. Bc1 Qb6 10. Bf3 Bxd4 11. Bxg4 Bxf2+ 12. Kf1 Bxg4 13. Qxg4 Bd4 14. Nd5 Qd8 15. c3 f5 16. exf5 Rxf5+ 17. Kg2 Bg7 18. Bg5 Nc6 19. Rhf1 Qd7 20. Qc4 Kh8 21. Rxf5 gxf5 22. Qh4 Re8 23. Re1 Be5 24. Bf4 Rf8 25. Bxe5+ dxe5 26. c4 e6 27. Nf6 Qe7 28. Nh5 Qxh4 29. gxh4 Rd8 30. a3 Rd4 31. b3 Rxh4 32. Nf6 Rd4 33. Re3 Kg7 34. Ne8+ Kf7 35. Nc7 a6 36. Rh3 Rg4+ 37. Kf2 Rg7 38. Rh6 Nd4 39. b4 Ke7 40. b5 axb5 41. cxb5 Kd7 42. b6 Re7 43. Rh3 e4 44. Rc3 f4 45. a4 e3+ 46. Ke1 Rg7 47. Kf1 e2+ 48. Kf2 Rg2+ 49. Kxg2 e1Q 0-1

[Event "Bogota Region-ch Amateur U2300"]
[Site "Bogota"]
[Date "2017.02.19"]
[Round "5.6"]
[White "Ribero, Guillermo Andres"]
[Black "Bejarano Urrego, Dany Andres"]
[Result "0-1"]
[WhiteElo "1876"]
[BlackElo "2042"]
[PlyCount "82"]
[EventDate "2017.02.17"]
[EventType "swiss"]
[EventRounds "6"]
[EventCountry "COL"]
[SourceTitle "EXT 2024"]
[Source "ChessBase"]
[SourceDate "2023.10.10"]
[SourceVersion "1"]
[SourceVersionDate "2023.10.10"]
[SourceQuality "1"]

1. e4 e6 2. b3 d5 3. Bb2 Nf6 4. e5 Nfd7 5. Qg4 c5 6. f4 Nc6 7. Nf3 g6 8. Be2 h5 9. Qg3 a6 10. c3 b5 11. Na3 Ne7 12. Nh4 Bh6 13. 0-0 c4 14. b4 Qb6+ 15. Qe3 Bb7 16. Qxb6 Nxb6 17. g3 Na4 18. Rab1 g5 19. Ng2 g4 20. Bd1 Nb6 21. Nc2 Nc6 22. Nge3 f6 23. exf6 0-0 24. h3 Rxf6 25. hxg4 hxg4 26. Nxg4 Rg6 27. Nce3 d4 28. f5 Bxe3+ 29. dxe3 exf5 30. Rxf5 Bc8 31. Rf6 Rxf6 32. Nxf6+ Kf7 33. Bf3 Bf5 34. Rf1 Bd3 35. Re1 Rc8 36. Nd5 Na4 37. Bc1 dxc3 38. Bh5+ Kg7 39. e4 Rf8 40. Nc7 Nxb4 41. Ba3 Nc2 0-1

[Event "Monteria U17"]
[Site "Monteria"]
[Date "2016.12.08"]
[Round "3.2"]
[White "Ribero, Guillermo Andres"]
[Black "Marcial Torres, Jesus"]
[Result "0-1"]
[WhiteElo "1895"]
[BlackElo "2120"]
[PlyCount "60"]
[EventDate "2016.12.07"]
[EventType "swiss"]
[EventRounds "6"]
[EventCountry "COL"]
[SourceTitle "EXT 2024"]
[Source "ChessBase"]
[SourceDate "2023.10.10"]
[SourceVersion "1"]
[SourceVersionDate "2023.10.10"]
[SourceQuality "1"]

1. e4 e6 2. b3 d5 3. Bb2 Nf6 4. e5 Nfd7 5. Qg4 c5 6. f4 Nc6 7. Nf3 g6 8. Be2 Bg7 9. 0-0 0-0 10. Nc3 a6 11. Kh1 b5 12. Ng5 Nd4 13. Nf3 Nxc2 14. Rac1 Nb4 15. a3 Nc6 16. Bd3 c4 17. Bb1 Na5 18. bxc4 Nxc4 19. Nd1 Nxb2 20. Nxb2 Bb7 21. Ng5 Qb6 22. Rc3 h6 23. Nh7 Kxh7 24. Rg3 Kg8 25. Bxg6 fxg6 26. Qxg6 Rf7 27. f5 Nxe5 28. Qxh6 Qc7 29. f6 Raf8 30. d4 Rxf6 0-1

[Event "COL-ch U18"]
[Site "Cali"]
[Date "2016.07.03"]
[Round "8"]
[White "Zapata Arbelaes, Estiven"]
[Black "Ribero, Guillermo Andres"]
[Result "1-0"]
[WhiteElo "2102"]
[BlackElo "1901"]
[PlyCount "47"]
[EventDate "2016.06.29"]
[EventType "tourn"]
[EventRounds "9"]
[EventCountry "COL"]
[SourceTitle "CBM 173 Extra"]
[Source "ChessBase"]
[SourceDate "2016.08.29"]
[SourceVersion "1"]
[SourceVersionDate "2016.08.29"]
[SourceQuality "1"]

1. d4 Nf6 2. c4 g6 3. Nc3 Bg7 4. e4 0-0 5. Nf3 d6 6. Be2 Bg4 7. Be3 Nfd7 8. Rc1 c5 9. d5 Na6 10. Qd2 Bxf3 11. Bxf3 Re8 12. h4 Nc7 13. h5 a6 14. hxg6 hxg6 15. a4 Rb8 16. Be2 e6 17. dxe6 Nxe6 18. Qxd6 Nd4 19. Qh2 Qf6 20. Nd5 Qe5 21. Qh7+ Kf8 22. Bf4 Qxe4 23. Bd6+ Re7 24. Bxe7+ 1-0

[Event "COL-ch U18"]
[Site "Cali"]
[Date "2016.07.02"]
[Round "6"]
[White "Oliveros, Camilo"]
[Black "Ribero, Guillermo Andres"]
[Result "1/2-1/2"]
[WhiteElo "1990"]
[BlackElo "1901"]
[PlyCount "85"]
[EventDate "2016.06.29"]
[EventType "tourn"]
[EventRounds "9"]
[EventCountry "COL"]
[SourceTitle "CBM 173 Extra"]
[Source "ChessBase"]
[SourceDate "2016.08.29"]
[SourceVersion "1"]
[SourceVersionDate "2016.08.29"]
[SourceQuality "1"]

1. e4 c5 2. Nf3 Nc6 3. d4 cxd4 4. Nxd4 e5 5. Nb5 a6 6. Nd6+ Bxd6 7. Qxd6 Qf6 8. Qd2 Qg6 9. Nc3 Nge7 10. Qg5 d6 11. Qxg6 hxg6 12. Be3 Be6 13. 0-0-0 Rd8 14. Be2 f6 15. Rd2 d5 16. exd5 Nxd5 17. Nxd5 Rxd5 18. Rxd5 Bxd5 19. f3 Ne7 20. h3 e4 21. fxe4 Bxe4 22. Rg1 Nd5 23. Bd2 0-0 24. c4 Rc8 25. b3 b5 26. Kb2 bxc4 27. Bxc4 Kh7 28. Bc3 Rc6 29. Bxd5 Bxd5 30. g3 g5 31. b4 Kg6 32. a4 Kh5 33. Kc2 Be4+ 34. Kd2 Rd6+ 35. Ke2 Rd3 36. Bd2 Ra3 37. a5 Bd3+ 38. Kf2 Bb5 39. Rc1 Rd3 40. Be3 Rb3 41. Bd2 Rb2 42. Ke3 Rb3+ 43. Kf2 1/2-1/2